000 00452nam a22001457a 4500
020 _a9780072890327
040 _cNUST
082 _a005.758 PRA
100 _aPrayaga, Lakshmi
_955728
110 _aSuri, Hamsa
_9113987
245 _aProgramming The Web With ColdFusion MX 6.1 Using XHTML
260 _aBoston:
_bMcGraw-Hill Technology Education,
_c2004.
650 _aProgramming The Web With ColdFusion MX 6.1 Using XHTML
_9113988
942 _2ddc
_cBK
999 _c595401
_d595401